Statistiques concernant Les noms de pays contenant "AN"

Cliquez ici pour prendre le quiz!

Statistiques générales

  • Ce quiz a été pris 1 287 fois
    (964 depuis la dernière actualisation)
  • Le résultat moyen est 28 sur 43

Statistiques - réponses

Réponse% Correct
Afghanistan
87%
Ouzbékistan
85%
France
84%
Pakistan
84%
Turkménistan
83%
Kazakhstan
82%
Tadjikistan
80%
Iran
78%
Irlande
78%
Islande
78%
Andorre
77%
Angola
77%
Finlande
76%
Canada
72%
Liban
71%
Azerbaïdjan
70%
Nouvelle-Zélande
70%
Kirghizistan
69%
Soudan
69%
Bhoutan
67%
Soudan du Sud
66%
Vatican
66%
Albanie
65%
Oman
65%
Danemark
63%
Tanzanie
63%
Panama
61%
Thaïlande
59%
Antigua-et-Barbuda
55%
Roumanie
54%
Bangladesh
53%
Ouganda
52%
Rwanda
52%
Ghana
51%
Lituanie
49%
Vanuatu
49%
Jordanie
48%
Taïwan
48%
Guyana
44%
Birmanie
42%
Mauritanie
42%
Sri Lanka
41%
Botswana
37%

Distribution des résultats

Percentile par nombre de réponses

% des personnes avec chaque résultat

Votre développement - résultats

Vous n’avez pas pris ce quiz depuis la dernière actualisation